000
00298nam a22001337a 4500
008
210303b ||||| |||| 00| 0 eng d
020
_a
9780521778497
041
_a
eng
080
_a
004
100
_a
35
101
_a
SHKI
245
_a
Building Application Servers
_c
Leander,R
942
_2
udc
_c
BK
999
_c
55573
_d
55573